|
|
|
|
| LEADER |
00000nam0a2200000 4500 |
| 001 |
315098 |
| 005 |
20231102002737.0 |
| 020 |
|
|
|a RU
|b 82-57939
|
| 035 |
|
|
|a (RuTPU)RU\TPU\book\340531
|
| 090 |
|
|
|a 315098
|
| 100 |
|
|
|a 20160225d1982 km y0rusy5003 ca
|
| 101 |
0 |
|
|a rus
|
| 102 |
|
|
|a RU
|
| 105 |
|
|
|a a z 001zy
|
| 200 |
1 |
|
|a Кинетика и динамика процессов в редокситах
|f Т. А. Кравченко, Н. И. Николаев
|
| 210 |
|
|
|a Москва
|c Химия
|d 1982
|
| 215 |
|
|
|a 144 с.
|c ил.
|
| 320 |
|
|
|9 572
|a Библиогр.: с. 130-140
|
| 606 |
1 |
|
|a Химические реакции, окислительно-восстановительные
|2 stltpush
|3 (RuTPU)RU\TPU\subj\72720
|9 86124
|
| 610 |
1 |
|
|a кинетика
|
| 610 |
1 |
|
|a полимеры
|
| 610 |
1 |
|
|a редокситы
|
| 610 |
1 |
|
|a редоксиметрия
|
| 610 |
1 |
|
|a динамика
|
| 610 |
1 |
|
|a окисление
|
| 610 |
1 |
|
|a восстановление
|
| 610 |
1 |
|
|a экспериментальные исследования
|
| 675 |
|
|
|a 544.41
|z rus
|v 3
|
| 700 |
|
1 |
|a Кравченко
|b Т. А.
|4 070
|
| 701 |
|
1 |
|a Николаев
|b Н. И.
|
| 801 |
|
0 |
|a RU
|b RuMRKP
|c 19950704
|g psbo
|
| 801 |
|
1 |
|a RU
|b 63413507
|c 20160225
|
| 801 |
|
2 |
|a RU
|b 63413507
|c 20200605
|g RCR
|
| 942 |
|
|
|c BK
|